Datum a čas kvízu
17.5
Celkem bodů
Celkový počet nahraných bodů na tomto kvízu bez doplňovacích otázek.
8.
Pořadí na kvízu
Konečné umístění týmu na tomto kvízu.
Zaznamenané odpovědi
| # | Otázka | Odpověď | Body | Výsledky |
|---|---|---|---|---|
| 1. | Největší český online prodejce... | Rohlik(.cz), Rabbit (CZ) | 0.5 | |
| 2. | Jistý stát zažil minulý týden... | Čína | 0 | |
| 3. | Letošní vyhlášení tuzemských k... | Muriel | 0 | |
| 4. | Japonští vědci minulý týden oz... | ze dřeva | 0 | |
| 5. | Jeden teprve osmnáctiletý česk... | Jakub Menšík, Katar | 0 | |
| 6. | Součástí televizního programu... | Hodina pravdy | 0 | |
| 7. | Která veřejně známá osobnost z... | Ladislav Zibura | 0 | |
| 8. | Mezi lety 1996 až 2006 vysílal... | Videostop | 0 | |
| 9. | V dnešní době je velmi populár... | čtyřikrát | 0 | |
| 10. | Kdo z uvedených nikdy nemodero... | D | 0 |